000 00899nam a2200241Ia 4500
003 GCL
008 140319s9999 xx 000 0 ara d
040 _aGCL /
_cGCL
082 0 4 _aق
_b953.0738
_bا ر
100 1 _aامينة احمد امام الشوربجى
245 1 0 _aرؤية الرحالة المسلمين للاحوال المالية والاقتصادية فى العصر الفاطمى (358 - 5567 هـ) (969 - 1171م) /
_cامينة احمد امام الشوربجى
260 _a[S.N] :
_bالهيئة المصرية العامة للكتاب ،
_c1994
300 _a535 ص
490 _a
650 0 4 _aمصر
650 0 4 _aتاريخ
650 0 4 _aالدولة الفاطمية
650 0 4 _aالاحوال الاقتصادية
650 0 4 _aالرحالة العرب
650 0 4 _aالحضارة الاسلامية
650 0 4 _aالقاهرة
942 _2ddc
_cBK
999 _c36941
_d36941